PNL - Tchiki Tchiki - Paroles - Statistiques

Statistiques générales
  • Ce quiz a été pris 67 fois
  • Le résultat moyen est 168 sur 276
Statistiques - réponses
Réponse % Correct
la
91%
à
88%
A
88%
ça
82%
comme
82%
de
82%
pas
82%
dans
79%
le
79%
ma
79%
mon
79%
ouais
79%
je
76%
qui
76%
tchiki
76%
va
76%
c'est
74%
j'parle
74%
j'suis
74%
me
74%
que
74%
(am
71%
am
71%
am)
71%
en
71%
et
71%
faire
71%
rien
71%
tchang
71%
tching
71%
(tching
71%
Y'a
71%
y'a
71%
brûle
68%
J'sens
68%
les
68%
ta
68%
tchong
68%
ame
65%
chambre
65%
j'me
65%
joue
65%
QLF
65%
sur
65%
t'es
65%
vallée
65%
coeur
62%
drogue
62%
Eh
62%
eh)
62%
l'odeur
62%
pardon
62%
sale
62%
toi
62%
vie
62%
casa
59%
être
59%
folle
59%
j'fume
59%
j'serai
59%
j'te
59%
qu'on
59%
tant
59%
bien
56%
billets
56%
des
56%
fond
56%
gros
56%
jamais
56%
parle
56%
pet
56%
roule
56%
un
56%
avec
53%
bah
53%
j'ai
53%
j'calcule
53%
j'construis
53%
j'fais
53%
j'm'envole
53%
j'recompte
53%
j'voulais
53%
montre
53%
oeil
53%
Paname
53%
pec
53%
phone
53%
pierres
53%
plaquette
53%
plus
53%
pour
53%
pyjama
53%
Rihanna
53%
tess
53%
tête
53%
assez
50%
banane
50%
cachet
50%
d'Hyrule
50%
greffe
50%
guerre
50%
hein
50%
j'attends
50%
l'hammam
50%
m'convient
50%
mes
50%
mètre
50%
moi
50%
schneck
50%
terre
50%
tiens
50%
toujours
50%
toute
50%
troisième
50%
22
47%
Casper
47%
coeurs
47%
Faut
47%
fuck
47%
Grosse
47%
leur
47%
linge
47%
quette
47%
rappelle
47%
requin
47%
sert
47%
signes
47%
somme
47%
te-pu
47%
t'rendormir
47%
vert
47%
world
47%
bas
44%
benef
44%
brr
44%
couilles
44%
guette
44%
haut
44%
j'fonce
44%
J'mets
44%
m'appartient
44%
on
44%
piranha
44%
sales
44%
sauver
44%
sère
44%
vends
44%
vif
44%
j'éclaire
41%
j'sais
41%
oublié
41%
s'est
41%
l'cabas
38%
souvenirs
38%
Tenshinhan
38%
jalouse
35%
l'monde
35%
qu'j'recompte
35%
qu'the
35%
rain-té
35%
Wesh
35%
cliquos
32%
Nakata
32%
plume
32%
bam)
24%
J'brûle
24%
(ouin
24%
ouin
24%
ouin)
24%
sobre
9%
Aucun quiz correspondant
Distribution des résultats
% des personnes avec chaque résultat
Percentile par nombre de réponses
Votre historique - résultats
Vous n’avez pas pris ce quiz